000 00294 a2200133 4500
001 152482
040 _cEscola São Tomás de Aquino
240 1 0 _aOs três porquinhos
_lpor
245 1 0 _aOs três porquinhos
300 _a23
440 1 _aGlobo
697 _a*LITERATURA INFANTO
942 _cBK
999 _c152482
_d152482